[Event "Belgrade-chT Quality"]
[Site "Belgrade"]
[Date "2015.10.11"]
[Round "4"]
[White "Mitrovic, Vladan"]
[Black "Trailovic, Aleksandar"]
[Result "0-1"]
[WhiteElo "1932"]
[BlackElo "2105"]
[PlyCount "58"]
[EventDate "2015.10.03"]
[EventType "team-tourn"]
[EventRounds "11"]
[EventCountry "SRB"]
[SourceTitle "EXT 2018"]
[Source "ChessBase"]
[SourceDate "2017.10.13"]
[SourceVersion "1"]
[SourceVersionDate "2017.10.13"]
[SourceQuality "1"]

1. e4 c5 2. c3 g6 3. d4 cxd4 4. cxd4 d5 5. e5 Bg7 6. Bd2 Nc6 7. Bc3 f6 8. f4 Nh6 9. h3 0-0 10. Bd3 fxe5 11. fxe5 Qb6 12. Nf3 Nf5 13. Bxf5 Bxf5 14. Qd2 Be4 15. Rf1 Rf5 16. Nh2 Raf8 17. Rxf5 Rxf5 18. Na3 Bxe5 19. g4 Bg3+ 20. Kd1 Rf2 21. Qe3 Rxh2 22. Qxg3 Rh1+ 23. Kd2 Rxa1 24. Nc2 Rf1 25. Ne1 e5 26. Ke2 Qb5+ 27. Kd2 exd4 28. Bxd4 Nxd4 29. Qb8+ Rf8 0-1

[Event "Belgrade Trophy 26th"]
[Site "Belgrade"]
[Date "2012.11.27"]
[Round "4"]
[White "Trailovic, Aleksandar"]
[Black "Perovic, Zivojin"]
[Result "1-0"]
[WhiteElo "2105"]
[BlackElo "1727"]
[PlyCount "71"]
[EventDate "2012.11.24"]
[EventType "swiss"]
[EventRounds "9"]
[EventCountry "SRB"]
[SourceTitle "CBM 151 Extra"]
[Source "ChessBase"]
[SourceDate "2012.12.18"]
[SourceVersion "1"]
[SourceVersionDate "2012.12.18"]
[SourceQuality "1"]

1. e4 d6 2. d4 Nf6 3. Nc3 g6 4. f3 Bg7 5. Be3 c6 6. Qd2 Qa5 7. 0-0-0 b5 8. Kb1 Qc7 9. Bh6 Bxh6 10. Qxh6 a5 11. Nce2 b4 12. Nc1 a4 13. Qe3 Ba6 14. Nge2 Nbd7 15. g4 h6 16. Nf4 Nb6 17. Bxa6 Rxa6 18. e5 Nfd5 19. Nxd5 cxd5 20. e6 Nc4 21. exf7+ Kxf7 22. Qd3 Rc6 23. h4 Qb7 24. h5 Na3+ 25. bxa3 bxa3+ 26. Nb3 Rg8 27. hxg6+ Rxg6 28. g5 axb3 29. axb3 Rxg5 30. Rxh6 Ke8 31. Rh8+ Kd7 32. f4 Rg7 33. Qf5+ Kc7 34. Qf8 a2+ 35. Ka1 Qb4 36. Qd8+ 1-0

[Event "Belgrade-ch"]
[Site "Belgrade"]
[Date "2009.01.31"]
[Round "8"]
[White "Kalinic, Dusan"]
[Black "Trailovic, Aleksandar"]
[Result "1/2-1/2"]
[WhiteElo "1899"]
[BlackElo "2074"]
[PlyCount "94"]
[EventDate "2009.01.24"]
[EventType "swiss"]
[EventRounds "9"]
[EventCountry "YUG"]
[SourceTitle "CBM 128 Extra"]
[Source "ChessBase"]
[SourceDate "2009.03.05"]
[SourceVersion "2"]
[SourceVersionDate "2009.03.25"]
[SourceQuality "1"]

1. e4 c5 2. Nf3 g6 3. c3 Bg7 4. d4 cxd4 5. cxd4 d5 6. e5 Bg4 7. h3 Bxf3 8. Qxf3 Nc6 9. Bb5 e6 10. 0-0 Qb6 11. Qd3 Nge7 12. Nc3 a6 13. Bxc6+ Nxc6 14. Be3 Qb4 15. f4 Rc8 16. Ne2 0-0 17. a3 Qc4 18. Qd2 Na5 19. Qxa5 Qxe2 20. Rfe1 Qxb2 21. Rab1 Qc3 22. Qxc3 Rxc3 23. Rxb7 Rxa3 24. Bd2 Ra2 25. Bb4 Rc8 26. Bc5 Bf8 27. Rc1 Ra5 28. Rb6 Rcxc5 29. dxc5 Bxc5+ 30. Rxc5 Rxc5 31. Rxa6 Rc2 32. Ra8+ Kg7 33. Rd8 g5 34. f5 Re2 35. f6+ Kh6 36. Rf8 Rxe5 37. Rxf7 Rf5 38. g4 Kg6 39. Rg7+ Kxf6 40. Rxh7 Rf4 41. Rh6+ Ke5 42. Rg6 Re4 43. Rxg5+ Kf4 44. Rh5 Kg3 45. Kf1 d4 46. Rh8 Kf3 47. Rd8 Kf4 1/2-1/2

[Event "Belgrade-ch"]
[Site "Belgrade"]
[Date "2009.01.30"]
[Round "7"]
[White "Trailovic, Aleksandar"]
[Black "Carnic, Dejan"]
[Result "1/2-1/2"]
[WhiteElo "2074"]
[BlackElo "2183"]
[PlyCount "43"]
[EventDate "2009.01.24"]
[EventType "swiss"]
[EventRounds "9"]
[EventCountry "YUG"]
[SourceTitle "CBM 128 Extra"]
[Source "ChessBase"]
[SourceDate "2009.03.05"]
[SourceVersion "2"]
[SourceVersionDate "2009.03.25"]
[SourceQuality "1"]

1. Nf3 d5 2. g3 Nf6 3. Bg2 Bg4 4. d3 Nbd7 5. Nbd2 c6 6. 0-0 e5 7. h3 Bh5 8. e4 dxe4 9. dxe4 Bc5 10. Qe1 0-0 11. Nb3 Re8 12. Bd2 Bb6 13. Bc3 Qc7 14. a4 a5 15. Nh4 Nc5 16. Nxc5 Bxc5 17. Nf5 b6 18. g4 Bg6 19. b4 axb4 20. Bxb4 Bxb4 21. Qxb4 Bxf5 22. exf5 1/2-1/2